All Skylanders - Statistics

General Stats
  • This quiz has been taken 40 times
  • The average score is 122 of 219
Answer Stats
Hint Answer % Correct
SSA (magic) Spyro
100%
SSA (tech) Trigger Happy
86%
SSA (water) Zap
81%
SSA (Life) Camo
76%
SSA (magic) Double Trouble
76%
SSA (water) Gill Grunt
76%
SSA (water) Slam Bam
76%
SSA (earth) Bash
71%
SSA (tech) Boomer
71%
SSA (tech) Drill Sergeant
71%
SSA (tech) Drobot
71%
SSA (Fire) Eruptor
71%
SSA (Fire) Flameslinger
71%
Giants (fire) Hot Dog
71%
Imaginators (villain) Kaos
71%
Giants (magic giant) Ninjini
71%
SSA (Life) Stealth Elf
71%
SSA (earth) Terrafin
71%
Giants (life giant) Tree Rex
71%
SSA (magic) Voodood
71%
SSA (water) Wham shell
71%
SSA (air) Whirlwind
71%
SSA (undead) Chop Chop
67%
Giants (earth giant) Crusher
67%
SSA (undead) Cynder
67%
SSA (earth) Dino-Rang
67%
Giants (undead giant) Eye-Brawl
67%
Trap Team (life) Food Fight
67%
Giants (undead) Fright Rider
67%
Imaginators (earth villain) Golden Queen
67%
Trap Team (air trap master) Gusto
67%
SSA (undead) Hex
67%
Giants (fire giant) Hot Head
67%
Giants (air) Jet-Vac
67%
SSA (air) Lightning Rod
67%
SSA (Life) Stump Smash
67%
Giants (water giant) Thumpback
67%
Giants (tech giant) Bouncer
62%
Giants (water) Chill
62%
Giants (earth) Flashwing
62%
Trap Team (water) Flip Wreck
62%
SSA (undead) Ghost Roaster
62%
SSA (Fire) Ignitor
62%
Trap Team (tech trap master) Jawbreaker
62%
Imaginators (water sensei) King Pen
62%
Giants (magic) Pop Fizz
62%
SSA (earth) Prism Break
62%
Giants (life) Shroomboom
62%
Trap Team (water trap master) Snap Shot
62%
SSA (air) Sonic Boom
62%
Superchargers (fire) Spitfire
62%
Swap Force (magic) Star Strike
62%
Swap Force (life swapper) Stink Bomb
62%
SSA (Fire) Sunburn
62%
Giants (air giant) Swarm
62%
Trap Team (fire) Trail Blazer
62%
SSA (air) Warnado
62%
SSA (Life) Zook
62%
Imaginators (air sensei) Air Strike
57%
Superchargers (light) Astroblast
57%
Imaginators (air villain) Bad Juju
57%
Imaginators (earth sensei) Barbella
57%
Trap Team (undead) Bat Spin
57%
Trap Team (dark) Blackout
57%
Trap Team (air) Blades
57%
Trap Team (magic trap master) Blastermind
57%
Imaginators (light villain) Blaster-Tron
57%
Swap Force (fire swapper) Blast Zone
57%
Swap Force (life) Bumble Blast
57%
Trap Team (life trap master) Bushwhack
57%
Imaginators (life villain) Chompy Mage
57%
Trap Team (tech) Chopper
57%
Imaginators (undead sensei) Chopscotch
57%
Swap Force (tech) Count Down
57%
Imaginators (life sensei) Crash Bandicoot
57%
Trap Team (magic) Deja Vu
57%
Superchargers (water) Dive-Clops
57%
Swap Force (earth swapper) Doom Stone
57%
Imaginators (tech sensei) Dr. Neo Cortex
57%
Swap Force (magic) Dune Bug
57%
Trap Team (water) Echo
57%
Imaginators (fire sensei) Ember
57%
Trap Team (magic trap master) Enigma
57%
Superchargers (undead) Fiesta
57%
Swap Force (fire swapper) Fire Kraken
57%
Trap Team (earth) Fist Bump
57%
Swap Force (air swapper) Free Ranger
57%
Swap Force (water swapper) Freeze Blade
57%
Swap Force (fire) Fryno
57%
Trap Team (undead) Funny Bone
57%
Trap Team (tech trap master) Gearshift
57%
Imaginators (water villain) Grave Clobber
57%
Swap Force (life swapper) Grilla Drilla
57%
Swap Force (undead) Grim Creeper
57%
Superchargers (fire) Hammer Slam Bowser
57%
Trap Team (earth trap master) Head Rush
57%
Trap Team (life) High Five
57%
Superchargers (tech) High Volt
57%
Imaginators (dark villain) Hood Sickle
57%
Swap Force (magic swapper) Hoot Loop
57%
Trap Team (fire trap master) Ka-Boom
57%
Trap Team (light trap master) Knight Light
57%
Trap Team (dark trap master) Knight Mare
57%
Trap Team (undead trap master) Krypt King
57%
Trap Team (water trap master) Lob-Star
57%
Swap Force (tech swapper) Magna Charge
57%
Trap Team (magic mini) Mini Jini
57%
Imaginators (magic sensei) Mysticat
57%
Superchargers (dark) Nightfall
57%
Swap Force (undead swapper) Night Shift
57%
Swap Force (air) Pop Thorn
57%
Swap Force (water) Punk Shock
57%
Swap Force (undead swapper) Rattle Shake
57%
Swap Force (water) Rip Tide
57%
Imaginators (tech sensei) Ro-Bow
57%
Trap Team (earth) Rocky Roll
57%
Swap Force (undead) Roller Brawl
57%
Swap Force (earth swapper) Rubble Rouser
57%
Swap Force (air) Scratch
57%
Trap Team (undead trap master) Short Cut
57%
Swap Force (earth) Slobber Tooth
57%
Superchargers (earth) Smash Hit
57%
Swap Force (fire) Smolderdash
57%
Superchargers (magic) Splat
57%
Trap Team (light) Spotlight
57%
Giants (tech) Sprocket
57%
Swap Force (tech swapper) Spy Rise
57%
Superchargers (air) Stormblade
57%
Imaginators (fire villain) Tae Kwon Crow
57%
Superchargers (life) Thrillipede
57%
Trap Team (air trap master) Thunderbolt
57%
Trap Team (fire) Torch
57%
Swap Force (magic swapper) Trap Shadow
57%
Trap Team (tech) Tread Head
57%
Trap Team (life trap master) Tuff Luck
57%
Trap Team (earth trap master) Wallop
57%
Swap Force (water swapper) Wash Buckler
57%
Trap Team (fire trap master) Wildfire
57%
Swap Force (tech) Wind Up
57%
SSA (magic) Wreaking Ball
57%
Swap Force (life) Zoo Lou
57%
Imaginators (life sensei) Ambush
52%
Imaginators (light sensei) Aurora
52%
Trap Team (life mini) Barkley
52%
Imaginators (life sensei) Boom Bloom
52%
Swap Force (air swapper) Boom Jet
52%
Trap Team (earth mini) Bop
52%
Trap Team (air mini) Breeze
52%
Imaginators (magic sensei) Buckshot
52%
Imaginators (tech sensei) Chain Reaction
52%
Trap Team (magic) Cobra Cadabra
52%
Imaginators (tech villain) Dr. Krankase
52%
Trap Team (tech mini) Drobit
52%
Trap Team (undead mini) Eye Small
52%
Imaginators (fire sensei) Flarewolf
52%
Trap Team (air) Fling Kong
52%
Trap Team (water mini) Gill Runt
52%
Trap Team (undead mini) Hijinx
52%
Imaginators (magic villain) Pain-Yatta
52%
Trap Team (air mini) Pet-Vac
52%
Imaginators (undead sensei) Pit Boss
52%
Swap Force (earth) Scorp
52%
Trap Team (fire mini) Small Fry
52%
Trap Team (magic mini) Spry
52%
Imaginators (dark sensei) Starcast
52%
Trap Team (earth mini) Terrabite
52%
Trap Team (water mini) Thumpling
52%
Imaginators (water sensei) Tidepool
52%
Trap Team (tech mini) Trigger Snappy
52%
Imaginators (earth sensei) Tri-Tip
52%
Superchargers (life) Turbo Charge Donkey Kong
52%
Trap Team (fire mini) Weeruptor
52%
Trap Team (life mini) Whisper Elf
52%
Imaginators (air sensei) Wild Storm
52%
Imaginators (undead villain) Wolfgang
52%
SSA (Magic Item) Anvil Rain
48%
Swap Force (magic item) Arkeyan Crossbow
48%
SSA (Adventure Pack) Darklight Krypt
48%
SSA (Adventure Pack) Dragons Peak
48%
SSA (Adventure Pack) Empire of Ice
48%
Swap Force (magic item) Fiery Forge
48%
SSA (Magic Item) Ghost Swords
48%
SSA (Magic Item) Hidden Treasure
48%
Trap Team (adventure pack) Midnight Museum
48%
Trap Team (adventure pack) Mirror of Mystery
48%
Trap Team (adventure pack) Nightmare Express
48%
SSA (Adventure Pack) Pirate Seas
48%
Swap Force (adventure pack) Sheep Wreck Island
48%
Swap Force (adventure pack) Tower of Time
48%
Swap Force (magic item/hat) UFO Hat
48%
Giants (magic Item) Dragonfire Cannon
43%
Swap Force (magic item) Groove Machine
43%
Trap Team (magic item) Hand of Fate
43%
SSA (Magic Item) Healing Elixir
43%
Superchargers (trophy) Kaos Trophy
43%
Superchargers (trophy) Land Trophy
43%
Trap Team (magic item) Piggy Bank
43%
Swap Force (magic item) Platinum Sheep
43%
Trap Team (magic item) Rocket Ram
43%
Giants (magic Item) Scorpion Striker Catapult
43%
Superchargers (trophy) Sea Trophy
43%
Swap Force (magic item) Sky Diamond
43%
SSA (Magic Item) Sky-Iron shield
43%
Superchargers (trophy) Sky Trophy
43%
SSA (Magic Item) Sparx Dragonfly
43%
Trap Team (adventure pack) Sunscraper Spire
43%
Trap Team (magic item) Tiki Speaky
43%
SSA (Magic Item) Volcanic Vault
43%
SSA (Magic Item) Winged Boots
43%
Swap Force (magic item) Battle Hammer
38%
Imaginators (Adventure Pack) Enchanted Elven Forest
38%
Imaginators (Adventure Pack) Gryphon Park Observatory
38%
SSA (Magic Item) Time Twister
38%
Imaginators (Chest) Blue Chest
33%
Imaginators (Chest) Bronze Mystery Chest
10%
Imaginators (Chest) Gold Mystery Chest
10%
Imaginators (Chest) Silver Mystery Chest
10%
Imaginators (magic item) CYOS Card
5%
Imaginators (magic item) CYOS 3D printed Figure
0%
No matching quizzes found
Score Distribution
Percent of People with Each Score
Percentile by Number Answered
Your Score History
You have not taken this quiz